000 01092cam a2200337 a 4500
001 13067596
003 OSt
005 20251110071058.0
008 030124s2004 njua 001 0 eng
010 _a 2003043343
020 _a0131014161
020 _a9780131014169
035 _a13067596
040 _aDLC
_cDLC
_dDLC
050 0 0 _aQC23.2
_b.W35 2004
082 0 0 _a530
_221
100 1 _aWalker, James S.,
_d1950-
245 1 0 _aPhysics /
_cJames S. Walker.
250 _a2nd ed.
260 _aUpper Saddle River, NJ :
_bPearson/Prentice Hall,
_cc2004.
300 _a1 v. (various pagings) :
_bill. (chiefly col.) ;
_c28 cm.
336 _atext
_btxt
_2rdacontent
337 _aunmediated
_bn
_2rdamedia
338 _avolume
_bnc
_2rdacarrier
500 _aIncludes index.
650 0 _aPhysics.
906 _a7
_bcbc
_corignew
_d1
_eocip
_f20
_gy-gencatlg
942 _2lcc
_cBK
999 _c265077
_d265076